| 000 | 00607nam a22002057a 4500 | ||
|---|---|---|---|
| 999 |
_c18432 _d18432 |
||
| 003 | AR-CdUCM | ||
| 008 | 190514b ||||| |||| 00| 0 spa d | ||
| 040 |
_aMUNICIPALIDAD PROVINCIAL DEL CUSCO _cBIBLIOTECA MUNICIPAL DEL CUSCO |
||
| 082 |
_a869.964 / _bB45 / 1934 |
||
| 100 |
_aBernal, Emilia _926583 |
||
| 245 |
_aNegro : _bPoemas / |
||
| 260 |
_aHabana : _bMolina y Cia, _c1934 |
||
| 300 |
_a94 cm. _bIlustraciones, graficos, dibujos, _c21 cm. |
||
| 500 | _aPoemas | ||
| 650 |
_aPoema _96104 |
||
| 650 |
_aHistoria _9136 |
||
| 650 |
_aLiteratura _983 |
||
| 942 |
_2ddc _cLIBROS |
||
| 945 |
_apjha _d2019-05-14 |
||